|
|
|
|
| LEADER |
01997nam a2200481 a 4500 |
| 001 |
3314 |
| 003 |
BD-DhAAL |
| 005 |
20150325102405.0 |
| 008 |
150325m19911995nyua b 001 0 eng |
| 010 |
|
|
|a 90013080 //r956
|
| 015 |
|
|
|a GB92-30345
|
| 020 |
|
|
|a 0471501972 (v. 1, pt. A)
|
| 020 |
|
|
|a 0471501964 (v. 1, pt. B)
|
| 020 |
|
|
|a 0471547247 (v. 2, pt. A)
|
| 020 |
|
|
|a 0471547220 (v. 2, pt. B)
|
| 020 |
|
|
|a 0471547263 (v. 2, pt. C)
|
| 020 |
|
|
|a 0471012823 (v. 2, pt. E)
|
| 040 |
|
|
|a DLC
|c DLC
|d VET
|d NLM
|d UKM
|d AGL
|d NNC-M
|d BD-DhAAL
|
| 050 |
0 |
0 |
|a RC967
|b .P37 1991
|
| 082 |
0 |
0 |
|a 613.6/2
|2 20
|
| 245 |
0 |
0 |
|a Patty's industrial hygiene and toxicology /
|c George D. Clayton, Florence E. Clayton, editors ; contributors, R.E. Allan ... [et al.].
|
| 250 |
|
|
|a 4th ed.
|
| 260 |
|
|
|a New York :
|b Wiley,
|c c1991-<1995>
|
| 300 |
|
|
|a 2 v. in 8 <v. 1, pts. A-B; v. 2, pts. A-F> :
|b ill. ;
|c 25 cm.
|
| 500 |
|
|
|a "A Wiley-Interscience publication."
|
| 500 |
|
|
|a Rev. ed. of: Industrial hygiene and toxicology / F.A. Patty.
|
| 504 |
|
|
|a Includes bibliographical references and index.
|
| 505 |
0 |
|
|a v. 1. General principles. -- v. 2. Toxicology.
|
| 541 |
|
|
|e 3314
|
| 650 |
|
0 |
|a Industrial hygiene.
|9 10138
|
| 650 |
|
0 |
|a Industrial toxicology.
|9 10139
|
| 650 |
|
2 |
|a Occupational Diseases.
|9 9405
|
| 650 |
|
2 |
|a Occupational Medicine.
|9 9406
|
| 650 |
|
2 |
|a Poisons.
|9 10140
|
| 653 |
0 |
|
|a Industrial health & safety
|
| 700 |
1 |
|
|a Clayton, George D.
|9 10141
|
| 700 |
1 |
|
|a Clayton, Florence E.
|9 10142
|
| 700 |
1 |
|
|a Allan, R. E.
|q (Ralph E.)
|9 10143
|
| 700 |
1 |
|
|a Patty, F. A.
|q (Frank Arthur),
|d 1897-1981.
|t Industrial hygiene and toxicology.
|9 10144
|
| 787 |
0 |
|
|t Theory and rationale of industrial hygiene practice: pt. A, The work environment; pt. B, Biological responses
|
| 942 |
|
|
|2 ddc
|c BK
|
| 999 |
|
|
|c 34163
|d 34163
|
| 952 |
|
|
|0 0
|1 0
|2 ddc
|4 0
|6 613_620000000000000_PAT
|7 0
|9 53305
|a SCL
|b SCL
|c GEN
|d 2015-03-25
|e Gift: The Asia Foundation
|l 0
|o 613.62 PAT
|p 3020003314
|r 2015-03-25
|t 1
|w 2015-03-25
|y BK
|